[Event "Istanbul Open 2017"]
[Site "Istanbul"]
[Date "2017.09.11"]
[Round "1"]
[White "Demir, Aleyna"]
[Black "Yapici, Mustafa"]
[Result "1/2-1/2"]
[WhiteElo "1415"]
[BlackElo "1730"]
[Annotator "NA RC"]
[PlyCount "104"]
[EventDate "2017.??.??"]
[EventType "swiss"]
[EventCountry "TUR"]
[SourceTitle "playchess.com"]
[Source "ChessBase"]
[SourceQuality "1"]
[TimeControl "5400+30"]

1. e4 {[%emt 0:00:30]} Nf6 {[%emt 0:01:00]} 2. Nc3 {[%emt 0:00:30]} d5 {[%emt 0:00:30]} 3. e5 {[%emt 0:01:30]} Ne4 {[%emt 0:01:30]} 4. d4 {[%emt 0:04:30]} Nxc3 {[%emt 0:13:30]} 5. bxc3 {[%emt 0:00:30]} e6 {[%emt 0:00:00]} 6. Nf3 {[%emt 0:03:30]} b6 {[%emt 0:01:00]} 7. g3 {[%emt 0:03:30]} Ba6 {[%emt 0:01:30]} 8. Bxa6 {[%emt 0:02:30]} Nxa6 {[%emt 0:01:30]} 9. Qd3 {[%emt 0:00:30]} Nb8 {[%emt 0:00:30]} 10. O-O {[%emt 0:00:30]} Be7 {[%emt 0:02:30]} 11. Be3 {[%emt 0:02:30]} O-O {[%emt 0:03:30]} 12. Nd2 {[%emt 0:03:30]} c5 {[%emt 0:00:30]} 13. f4 {[%emt 0:02:30]} c4 {[%emt 0:00:30]} 14. Qe2 {[%emt 0:00:30]} Qd7 {[%emt 0:00:30]} 15. g4 {[%emt 0:02:30]} f5 {[%emt 0:00:30]} 16. Rf2 {[%emt 0:01:30]} Nc6 {[%emt 0:02:30]} 17. Rg2 {[%emt 0:01:30]} Ba3 {[%emt 0:00:30]} 18. Rf1 {[%emt 0:03:30]} b5 {[%emt 0:06:30]} 19. Nb1 {[%emt 0:07:30]} Be7 {[%emt 0:00:00]} 20. gxf5 {[%emt 0:00:30]} Rxf5 {[%emt 0:01:00]} 21. Qg4 {[%emt 0:03:30]} Bf8 {[%emt 0:02:30]} 22. Nd2 {[%emt 0:00:30]} Qf7 {[%emt 0:03:30]} 23. Nf3 {[%emt 0:02:30]} Be7 {[%emt 0:00:30]} 24. h4 {[%emt 0:02:30]} b4 {[%emt 0:00:30]} 25. cxb4 {[%emt 0:04:30]} Nxb4 {[%emt 0:00:30]} 26. a3 {[%emt 0:00:30]} Nc6 {[%emt 0:00:30]} 27. Kh1 {[%emt 0:01:30]} Rb8 {[%emt 0:01:30]} 28. Rfg1 {[%emt 0:00:30]} Bf8 {[%emt 0:01:30]} 29. Ng5 {[%emt 0:00:30]} Qe8 {[%emt 0:00:30]} 30. Nf3 {[%emt 0:03:30]} Rb7 {[%emt 0:03:30]} 31. Qh3 {[%emt 0:00:30]} Bxa3 {[%emt 0:01:30]} 32. Rg5 {[%emt 0:00:30]} Rxg5 {[%emt 0:04:30]} 33. Nxg5 {[%emt 0:00:30]} Nd8 {[%emt 0:01:30]} 34. f5 {[%emt 0:02:30]} exf5 {[%emt 0:00:30]} 35. Qxf5 {[%emt 0:01:30]} g6 {[%emt 0:04:30]} 36. Qf3 {[%emt 0:04:30]} Rd7 {[%emt 0:05:30]} 37. h5 {[%emt 0:01:30]} Ne6 {[%emt 0:00:30]} 38. Nh3 {[%emt 0:06:30]} Bf8 {[%emt 0:08:30]} 39. Qg2 {[%emt 0:02:30]} Bg7 {[%emt 0:02:30]} 40. hxg6 {[%emt 0:02:30]} hxg6 {[%emt 0:00:30]} 41. Qxg6 {[%emt 0:00:30]} Qxg6 {[%emt 0:00:30]} 42. Rxg6 {[%emt 0:00:00]} Kf7 {[%emt 0:00:00]} 43. Rg1 {[%emt 0:01:00]} a5 {[%emt 0:00:00]} 44. Ng5+ {[%emt 0:00:30]} Nxg5 {[%emt 0:00:30]} 45. Bxg5 {[%emt 0:00:00]} a4 {[%emt 0:01:30]} 46. Bc1 {[%emt 0:04:00]} Ra7 {[%emt 0:05:30]} 47. Ba3 {[%emt 0:01:01]} Ra6 {[%emt 0:06:15]} 48. Rf1+ {[%emt 0:01:31]} Ke6 {[%emt 0:01:07]} 49. Rg1 {[%emt 0:00:24]} Kf7 {[%emt 0:00:25]} 50. Rf1+ {[%emt 0:00:12]} Ke6 {[%emt 0:01:32]} 51. Rg1 {[%emt 0:00:50]} Kf7 {[%emt 0:00:08]} 52. Rf1+ {[%emt 0:00:07]} Ke6 {[%emt 0:02:38]} 1/2-1/2

[Event "Istanbul Open 2017"]
[Site "Istanbul"]
[Date "2017.09.11"]
[Round "1"]
[White "Bogaz, Mustafa"]
[Black "Eken, Atakan"]
[Result "1/2-1/2"]
[WhiteElo "1392"]
[BlackElo "1728"]
[Annotator "NA RC"]
[PlyCount "97"]
[EventDate "2017.??.??"]
[EventType "swiss"]
[EventCountry "TUR"]
[SourceTitle "playchess.com"]
[Source "ChessBase"]
[SourceQuality "1"]
[TimeControl "5400+30"]

1. c4 {[%emt 0:00:30]} Nf6 {[%emt 0:01:00]} 2. Nc3 {[%emt 0:00:00]} e6 {[%emt 0:00:00]} 3. d4 {[%emt 0:02:00]} d5 {[%emt 0:02:00]} 4. Bf4 {[%emt 0:01:30]} c6 {[%emt 0:02:30]} 5. e3 {[%emt 0:03:30]} Be7 {[%emt 0:04:30]} 6. Nf3 {[%emt 0:03:30]} b6 {[%emt 0:01:30]} 7. cxd5 {[%emt 0:14:30]} exd5 {[%emt 0:04:30]} 8. Qa4 {[%emt 0:03:30]} Bb7 {[%emt 0:05:30]} 9. Ne5 {[%emt 0:08:30]} O-O {[%emt 0:00:30]} 10. Rc1 {[%emt 0:04:30]} Nh5 {[%emt 0:02:30]} 11. Bg3 {[%emt 0:07:30]} f6 {[%emt 0:23:30]} 12. Nd3 {[%emt 0:12:30]} Nxg3 {[%emt 0:07:30]} 13. hxg3 {[%emt 0:00:30]} Nd7 {[%emt 0:00:30]} 14. Nf4 {[%emt 0:03:30]} Rf7 {[%emt 0:09:30]} 15. Ne6 {[%emt 0:11:30]} Qb8 {[%emt 0:01:30]} 16. Bd3 {[%emt 0:06:16]} g6 {[%emt 0:02:30]} 17. Qc2 {[%emt 0:06:00]} Nf8 {[%emt 0:03:30]} 18. Nf4 {[%emt 0:07:09]} Rg7 {[%emt 0:01:30]} 19. Kd2 {[%emt 0:01:22]} Qd6 {[%emt 0:01:30]} 20. Rh6 {[%emt 0:00:55]} Kf7 {[%emt 0:01:30]} 21. Rch1 {[%emt 0:00:42]} c5 {[%emt 0:03:58]} 22. Rxh7 {[%emt 0:00:29]} Nxh7 {[%emt 0:04:14]} 23. Bxg6+ {[%emt 0:00:25]} Kf8 {[%emt 0:00:36]} 24. Bxh7 {[%emt 0:00:32]} Bd8 {[%emt 0:10:35]} 25. Bf5 {[%emt 0:00:31]} Ke7 {[%emt 0:02:34]} 26. Ng6+ {[%emt 0:00:35]} Kf7 {[%emt 0:00:22]} 27. Rh8 {[%emt 0:00:31]} Bc7 {[%emt 0:01:41]} 28. Qd1 {[%emt 0:00:31]} Rxh8 {[%emt 0:01:02]} 29. Nxh8+ {[%emt 0:00:01]} Ke7 {[%emt 0:00:21]} 30. Ng6+ {[%emt 0:00:55]} Kd8 {[%emt 0:01:12]} 31. Nb5 {[%emt 0:00:30]} Qc6 {[%emt 0:00:33]} 32. Nxa7 {[%emt 0:00:32]} Qe8 {[%emt 0:00:20]} 33. Qb3 {[%emt 0:00:31]} Rxg6 {[%emt 0:01:05]} 34. Bxg6 {[%emt 0:00:13]} Qxg6 {[%emt 0:00:30]} 35. dxc5 {[%emt 0:00:33]} f5 {[%emt 0:00:39]} 36. cxb6 {[%emt 0:00:45]} Bxb6 {[%emt 0:00:13]} 37. Nb5 {[%emt 0:00:27]} Ba5+ {[%emt 0:00:40]} 38. Nc3 {[%emt 0:00:20]} Kc8 {[%emt 0:00:45]} 39. Kc1 {[%emt 0:00:34]} Qc6 {[%emt 0:00:33]} 40. Qc2 {[%emt 0:00:27]} Kb8 {[%emt 0:00:23]} 41. Qxf5 {[%emt 0:00:41]} Bxc3 {[%emt 0:00:11]} 42. bxc3 {[%emt 0:00:16]} Qxc3+ {[%emt 0:00:06]} 43. Qc2 {[%emt 0:00:12]} Qe1+ {[%emt 0:00:09]} 44. Kb2 {[%emt 0:00:13]} Qb4+ {[%emt 0:00:05]} 45. Qb3 {[%emt 0:00:27]} Qd2+ {[%emt 0:00:11]} 46. Qc2 {[%emt 0:00:04]} Qb4+ {[%emt 0:00:16]} 47. Ka1 {[%emt 0:00:44]} Qe1+ {[%emt 0:00:07]} 48. Kb2 {[%emt 0:00:32]} Qb4+ {[%emt 0:00:09]} 49. Ka1 {[%emt 0:00:37]} 1/2-1/2

[Event "Istanbul Open 2017"]
[Site "Istanbul"]
[Date "2017.09.11"]
[Round "1"]
[White "Ozel, Suha"]
[Black "Coban, Suleyman"]
[Result "1/2-1/2"]
[WhiteElo "1391"]
[BlackElo "1676"]
[Annotator "NA RC"]
[PlyCount "81"]
[EventDate "2017.??.??"]
[EventType "swiss"]
[EventCountry "TUR"]
[SourceTitle "playchess.com"]
[Source "ChessBase"]
[SourceQuality "1"]
[TimeControl "5400+30"]

1. Nf3 {[%emt 0:00:30]} c5 {[%emt 0:01:00]} 2. g3 {[%emt 0:00:30]} Nf6 {[%emt 0:00:30]} 3. Bg2 {[%emt 0:00:30]} g6 {[%emt 0:00:30]} 4. O-O {[%emt 0:14:30]} Bg7 {[%emt 0:14:30]} 5. d3 {[%emt 0:00:30]} O-O {[%emt 0:00:30]} 6. c4 {[%emt 0:00:30]} Nc6 {[%emt 0:00:30]} 7. Nc3 {[%emt 0:00:30]} d6 {[%emt 0:00:30]} 8. Bd2 {[%emt 0:00:30]} a6 {[%emt 0:00:30]} 9. Qc1 {[%emt 0:00:30]} Re8 {[%emt 0:00:30]} 10. Rb1 {[%emt 0:00:30]} Rb8 {[%emt 0:01:30]} 11. Ne1 {[%emt 0:00:30]} Bd7 {[%emt 0:00:30]} 12. e4 {[%emt 0:00:30]} b5 {[%emt 0:01:30]} 13. Bg5 {[%emt 0:08:30]} Nd4 {[%emt 0:01:30]} 14. Nf3 {[%emt 0:00:30]} Nxf3+ {[%emt 0:12:30]} 15. Bxf3 {[%emt 0:00:30]} b4 {[%emt 0:00:30]} 16. Nd5 {[%emt 0:20:30]} Nxd5 {[%emt 0:27:30]} 17. exd5 {[%emt 0:00:30]} Bf5 {[%emt 0:00:30]} 18. Be4 {[%emt 0:00:30]} Bxe4 {[%emt 0:00:30]} 19. dxe4 {[%emt 0:00:30]} Qd7 {[%emt 0:00:30]} 20. Kg2 {[%emt 0:00:30]} a5 {[%emt 0:00:30]} 21. Be3 {[%emt 0:00:30]} a4 {[%emt 0:00:30]} 22. Qd1 {[%emt 0:01:30]} Ra8 {[%emt 0:04:30]} 23. f4 {[%emt 0:00:30]} e6 {[%emt 0:00:30]} 24. e5 {[%emt 0:00:30]} dxe5 {[%emt 0:00:30]} 25. fxe5 {[%emt 0:00:30]} exd5 {[%emt 0:00:30]} 26. Bxc5 {[%emt 0:00:30]} Rxe5 {[%emt 0:00:30]} 27. Bxb4 {[%emt 0:00:30]} d4 {[%emt 0:00:30]} 28. Qf3 {[%emt 0:01:30]} Rae8 {[%emt 0:00:30]} 29. Rbe1 {[%emt 0:00:30]} Rf5 {[%emt 0:03:30]} 30. Rxe8+ {[%emt 0:02:30]} Qxe8 {[%emt 0:00:30]} 31. Re1 {[%emt 0:00:30]} Qb8 {[%emt 0:00:30]} 32. Qa3 {[%emt 0:00:30]} Qa8+ {[%emt 0:00:30]} 33. Kg1 {[%emt 0:00:30]} Bh6 {[%emt 0:00:30]} 34. Bd6 {[%emt 0:01:30]} Be3+ {[%emt 0:09:26]} 35. Rxe3 {[%emt 0:00:00]} dxe3 {[%emt 0:00:02]} 36. Qxe3 {[%emt 0:00:00]} Rf6 {[%emt 0:02:04]} 37. Qd4 {[%emt 0:05:30]} Qf3 {[%emt 0:00:56]} 38. Bf4 {[%emt 0:00:30]} Re6 {[%emt 0:03:57]} 39. Qd8+ {[%emt 0:00:00]} Kg7 {[%emt 0:00:19]} 40. Qd4+ {[%emt 0:00:00]} Kg8 {[%emt 0:00:19]} 41. Qd8+ {[%emt 0:00:30]} 1/2-1/2

[Event "Istanbul Open 2017"]
[Site "Istanbul"]
[Date "2017.09.12"]
[Round "2"]
[White "Bogdanovich, Stanislav"]
[Black "Erdogan, Anil Berk"]
[Result "1/2-1/2"]
[WhiteElo "2593"]
[BlackElo "2106"]
[Annotator "TA"]
[PlyCount "122"]
[EventDate "2017.??.??"]
[EventType "swiss"]
[EventCountry "TUR"]
[SourceTitle "playchess.com"]
[Source "ChessBase"]
[SourceQuality "1"]

{[%evp 9,122,16,38,0,14,10,48,27,19,25,31,8,3,6,0,20,51,70,50,60,47,46,73,-21,22,0,0,-4,0,-25,0,-77,-70,-79,-24,-45,0,0,17,17,18,17,16,15,22,13,14,15,33,20,39,39,31,27,18,18,36,4,45,4,45,4,4,4,4,4,11,0,0,0,0,0,0,0,0,0,0,0,0,0,0,0,0,0,0,0,0,0,0,0,0,0,0,0,0,0,0,0,0,0,0,0,0,0,0,0,0,0,0,0,0,0,0,0,0]} 1. a3 a6 2. e4 c5 3. b4 e5 (3... Nc6 4. bxc5 e5 5. Nf3 Bxc5 6. Bc4 Nf6 7. Nc3 O-O 8. d3 d6 9. h3 Nd4 {½-½ (59) Geller,J (2481)-Frolyanov,D (2577) Nizhny Tagil 2015}) 4. Nf3 Nc6 5. Bc4 $146 ({Predecessor:} 5. Bb2 Qc7 6. b5 Nd4 7. bxa6 bxa6 8. Bc4 Bb7 9. Nc3 Nf6 10. d3 Be7 {½-½ (51) Sasaeac,A-Baluta,C (2242) Baile Tusnad 2000}) 5... Bd6 6. bxc5 {A00: Irregular Openings} Bxc5 7. c3 Qb6 8. d4 {White is slightly better.} exd4 9. O-O Nge7 10. Bg5 Ng6 11. cxd4 Nxd4 12. Nc3 O-O 13. Nxd4 Bxd4 14. Nd5 Qa7 15. Rc1 {[%mdl 1024] White has compensation.} d6 {[#]} 16. Kh1 ({Better is} 16. Be7 $1 $16) 16... Be6 17. f4 b5 18. Bb3 {aiming for Rc7.} Bxd5 19. Bxd5 Rac8 (19... Be3 $5 {[%cal Re3c1]} 20. Rb1 Rac8 $11) 20. f5 (20. Rxc8 $11 {remains equal.} Rxc8 21. Qh5) 20... Rxc1 $17 21. Bxc1 {[#]} Ne7 (21... Ne5 $1 $17) 22. Bb3 Bf6 23. Qxd6 {Hoping for e5.} Qd4 (23... Nc8 $5 {[%cal Rc8d6]} 24. Qd3 Rd8 $11) 24. Qxd4 ({Avoid the trap} 24. Qxa6 $2 Qd3 $19) 24... Bxd4 25. Rd1 Rd8 26. Bf4 {Black must now prevent Bc7.} Bb6 27. Rxd8+ Bxd8 $11 {[%mdl 4096] Endgame KBB-KBN} 28. g4 Nc6 29. Bd5 Na5 30. Kg2 Nc4 31. Bxc4 bxc4 $14 {KB-KB} 32. Kf3 f6 33. h4 Kf7 34. Bd2 Bb6 35. Bc3 Bc5 {The position is equal.} 36. a4 g6 37. Kf4 Ba3 38. g5 Bc1+ 39. Kg4 fxg5 40. hxg5 h6 41. gxh6 {White wants to mate with h7.} gxf5+ 42. Kxf5 {White threatens h7 and mate.} Bxh6 43. e5 Bg7 44. e6+ Kf8 45. Bb4+ (45. Bd2 {feels hotter.} Ke8 46. Bg5 c3 47. Bc1 c2 48. Ke4) 45... Ke8 46. Ke4 Bf6 47. Bc5 Bg7 48. Bb4 Bf6 49. Bd6 Bg7 50. Bf4 c3 51. Bg5 c2 52. Bc1 a5 53. Kd5 Bc3 54. Kc4 Bb4 55. Bg5 Ba3 56. Kb5 c1=Q (56... Be7 {keeps more tension.} 57. Bd2 Bd6 58. Kxa5 Ke7 59. Kb5 Kxe6) 57. Bxc1 Bxc1 58. Kxa5 Ke7 59. Kb5 Bd2 60. a5 Bxa5 61. Kxa5 Kxe6 {Precision: White = 50%, Black = 66%.} 1/2-1/2

[Event "Istanbul Open 2017"]
[Site "Istanbul"]
[Date "2017.09.12"]
[Round "2"]
[White "Benidze, Davit"]
[Black "Zeydan, Salih"]
[Result "1-0"]
[WhiteElo "2520"]
[BlackElo "2057"]
[Annotator "TA"]
[PlyCount "85"]
[EventDate "2017.??.??"]
[EventType "swiss"]
[EventCountry "TUR"]
[SourceTitle "playchess.com"]
[Source "ChessBase"]
[SourceQuality "1"]

{[%evp 16,85,51,33,66,57,68,52,49,56,88,83,93,102,108,60,82,77,131,87,97,79,68,60,92,31,61,31,36,42,24,0,27,0,-6,-127,99,60,131,113,122,138,130,120,261,261,261,263,246,258,270,258,264,262,250,245,258,259,251,236,327,321,308,300,477,279,769,0,447,0,780,777]} 1. d4 Nf6 2. c4 e6 3. Nc3 Bb4 4. e3 c5 5. Nge2 b6 6. a3 Ba5 7. Rb1 Qe7 8. d5 {E42: Nimzo-Indian: Rubinstein: 4...c5 5 Ne2} (8. Bd2 O-O 9. Ng3 cxd4 10. exd4 Bxc3 11. Bxc3 Nc6 12. Be2 {½-½ (12) Peralta,F (2587)-Ortiz Suarez,I (2564) Badalona 2016}) 8... exd5 9. cxd5 {LiveBook: 4 Games} Bxc3+ 10. Nxc3 {White is slightly better.} d6 11. Bd3 O-O 12. O-O Re8 $146 ({Predecessor:} 12... Nbd7 13. f4 Re8 14. Qf3 a6 15. Bd2 b5 {1-0 (31) Karkalas,A (2235)-Godlauskas,K Radviliskis 1995}) 13. Re1 a6 14. e4 Nbd7 15. h3 b5 16. b4 c4 (16... Qe5 $142) 17. Bf1 Ne5 18. Be3 Bd7 19. Qd2 a5 20. f4 (20. bxa5 $16 Rxa5 21. f4) 20... Ng6 $14 {aiming for ...axb4.} 21. Bf2 axb4 22. axb4 Ra3 {next ...Nxf4! is good for Black.} 23. g3 (23. e5 $5 Rxc3 24. Qxc3 dxe5 25. Bc5 $11) 23... h5 $1 {[%cal Bh7h5,Bh5h4][%mdl 32]} 24. Bg2 {Threatens to win with e5!} h4 $1 {[%cal Rh4g3] And now ...hxg3 would win.} 25. e5 (25. g4 $1 $11) 25... dxe5 $2 (25... Nh5 $17 {and life is bright.} 26. e6 (26. exd6 Qd8 $17) 26... hxg3) 26. fxe5 $16 {Strongly threatening d6.} Nxe5 {[#]} (26... hxg3 $1 $14 27. Bc5 (27. Bxg3 Nh5 $17) 27... Qd8) 27. Bd4 $1 $36 {[%mdl 2048] Black is under strong pressure.} Qd6 28. Qf4 {[%cal Re1e5]} Nh5 29. Qxh4 Nf6 {[#]} (29... Qf6 $16 {was called for.}) 30. Qf4 $1 $18 {[%cal Re1e5]} Nh5 31. Qg5 ({Less strong is} 31. Bxe5 Nxf4 32. Bxd6 Nxg2 $14) 31... Qf6 32. Rxe5 Rxe5 33. Qxe5 Qxe5 34. Bxe5 f6 35. Bd4 Nxg3 36. Re1 Nf5 37. Ne2 Rd3 38. Bf2 Rb3 39. Nd4 Rxb4 (39... Rb2 $142 40. Nc6 Kf7) 40. Ne6 (40. Nc6 $142 Rb3 41. Nb8) 40... Rb3 $2 (40... c3) 41. Nd4 Rb4 $1 42. Ne6 (42. Nc6 $142 Rb3 43. Nb8) 42... Rb3 $1 43. Nc5 {Precision: White = 49%, Black = 49%.} 1-0

[Event "Istanbul Open 2017"]
[Site "Istanbul"]
[Date "2017.09.12"]
[Round "2"]
[White "Rasulov, Vugar"]
[Black "Eren, Ataberk"]
[Result "1-0"]
[WhiteElo "2504"]
[BlackElo "2064"]
[Annotator "TA"]
[PlyCount "79"]
[EventDate "2017.??.??"]
[EventType "swiss"]
[EventCountry "TUR"]
[SourceTitle "playchess.com"]
[Source "ChessBase"]
[SourceQuality "1"]

{[%evp 16,79,23,10,43,43,58,36,35,29,58,56,58,60,64,64,70,70,66,59,61,68,65,14,23,6,16,0,39,38,55,25,36,24,40,9,11,1,10,6,12,0,52,53,72,62,68,17,58,50,68,76,102,92,112,123,255,265,258,286,29968,543,29988,29989,29989,29990]} 1. d4 Nf6 2. Bg5 e6 3. Nd2 d5 4. e3 c5 5. c3 Qb6 6. Qb3 Nc6 7. Ngf3 Bd7 8. Be2 Be7 {D03: 1 d4 d5 2 Nf3 Nf6 3 Bg5, including Torre Attack with early ...d5} (8... cxd4 9. Qxb6 axb6 10. exd4 Bd6 11. O-O h6 12. Bh4 Nh5 13. Rfe1 g5 14. Bg3 Nxg3 15. hxg3 g4 16. Nh4 {½-½ (30) Polak,T (2505)-Zwardon,V (2413) Czech Republic 2017}) 9. O-O {LiveBook: 6 Games} c4 10. Qc2 Qd8 $146 {White is slightly better.} ({Find the theoretical novelty and annotate with similar games:} 10... h6 11. Bh4 Rc8 12. b3 cxb3 13. axb3 {1-0 (29) Schmoll,F-Nossein,F (1705) ICCF email 2010}) 11. Ne5 O-O 12. f4 Ne8 13. Bxe7 Qxe7 14. b3 b5 15. Nxd7 Qxd7 16. a4 cxb3 17. Nxb3 bxa4 18. Nc5 Qc7 19. f5 (19. Na6 $14 Qc8 20. Rxa4 (20. Qxa4 Ne7 $14)) 19... e5 $11 20. Qxa4 {[#] Strongly threatening Bb5.} Nf6 21. Rab1 Rac8 22. Ba6 Rcd8 23. h3 exd4 24. exd4 Nb8 25. Bb5 (25. Rb7 $5 {[%cal Rb7c7]} Qg3 26. Rf3 (26. Rxa7 Nxa6 27. Qxa6 Rfe8 $11) 26... Qe1+ 27. Bf1 $14) 25... Nbd7 26. Bxd7 Nxd7 27. Nxd7 Rxd7 28. f6 Rd6 (28... g6 $11) 29. fxg7 $14 Kxg7 30. Rf3 $36 {[%mdl 2048] White has the initiative.} Rf6 31. Qd1 ({White should try} 31. Rxf6 $14 Kxf6 32. Qa2) 31... Qc6 32. Ra1 Ra8 33. Ra5 Rg6 34. Qb3 Qe6 35. Qxd5 Qe1+ (35... Qxd5 $16 36. Rxd5 Rf6 37. Rg3+ Rg6) 36. Rf1 $18 Qe3+ 37. Kh1 Re8 $2 {[#]} (37... Qe8 $18 38. Qf3 Qc6 39. Qxf7+ Kh8) 38. Rxa7 (38. Qxf7+ $142 Kh6 39. Rxa7 Rh8 40. Re7 Qg3 41. Rf2 Kg5 42. Rf5+ Kh6 43. Qd5 Qxg2+ 44. Qxg2 Rxg2 45. Kxg2) 38... Ree6 {Black hopes to continue with ...Rgf6.} 39. Raxf7+ Kh6 40. Qb7 {Precision: White = 45%, Black = 43%.} 1-0

[Event "Istanbul Open 2017"]
[Site "Istanbul"]
[Date "2017.09.12"]
[Round "2"]
[White "Petrov, Marian"]
[Black "Buker, Muhittin"]
[Result "1-0"]
[WhiteElo "2470"]
[BlackElo "1969"]
[Annotator "TA"]
[PlyCount "91"]
[EventDate "2017.??.??"]
[EventType "swiss"]
[EventCountry "TUR"]
[SourceTitle "playchess.com"]
[Source "ChessBase"]
[SourceQuality "1"]

{[%evp 20,91,14,11,9,15,13,-26,-25,-141,18,11,25,0,45,40,67,52,70,67,82,65,136,90,151,152,138,99,117,119,122,124,125,120,125,7,107,110,139,129,137,136,242,242,242,242,285,278,394,241,219,223,428,466,467,466,435,410,5093,1008,1424,977,480,433,477,447,447,416,667,627,625,625,976,959]} 1. e4 e5 2. Nf3 Nc6 3. Bc4 Bc5 4. c3 Nf6 5. d3 d6 6. O-O a6 7. Bb3 Ba7 8. Re1 O-O 9. h3 h6 10. Nbd2 Be6 11. Nf1 Bxb3 {C54: Giuoco Piano: 4 c3 Nf6, main lines with 5 d4 and 5 d3} (11... Re8 12. Be3 Bxe3 13. Nxe3 d5 14. exd5 Nxd5 15. d4 Nxe3 16. fxe3 Bxb3 17. Qxb3 Qd6 18. Rad1 exd4 19. cxd4 Qb4 {½-½ (27) Ponomariov,R (2709)-Mamedyarov,S (2762) Tashkent 2016}) 12. Qxb3 Rb8 13. g4 $146 ({Predecessor:} 13. Ng3 Qd7 14. Nf5 Kh7 15. Qd1 Rfe8 16. g4 Ng8 17. d4 Rbd8 {0-1 (48) Gajek,R (2315)-Malaniuk,V (2554) Wroclaw 2014}) 13... Qd7 {Black has an edge.} 14. Ng3 {[#]} (14. Kg2 $11) 14... Ne7 $2 (14... h5 $1 $17 {[%mdl 512]} 15. Nh2 (15. Nxh5 Nxh5) 15... hxg4) 15. d4 $11 Ng6 16. Be3 exd4 17. cxd4 Rfe8 18. e5 $1 $36 {[%cal Re5f6][%mdl 2048] White fights for an advantage.} Nh7 {[%cal Rd6e5]} 19. Rad1 d5 20. Qd3 Nhf8 ({Better is} 20... Bb6 $14) 21. Nh5 {And now Bxh6! would win.} Qb5 (21... Qe7 $142) 22. Qd2 $1 $16 {Threatens to win with Bxh6!} Kh7 23. Nh2 c5 24. f4 {[%cal Bf2f4,Bf4f5,Bf5f6][%mdl 32]} cxd4 25. Bxd4 Bxd4+ 26. Qxd4 Ne6 27. Qf2 ({White should play} 27. Qe3 $1 $16) 27... Ne7 {[#]} (27... Rbc8 $11 {keeps the balance.}) 28. Nf3 $1 Qc5 29. f5 Qxf2+ 30. Kxf2 Ng5 (30... Nc5 $16) 31. Nxg5+ $18 hxg5 32. f6 g6 33. Ng7 (33. fxe7 gxh5 34. Rxd5 (34. gxh5 Rxe7 35. Rxd5 Rc8 $11) 34... Rxe7 $11) 33... Rec8 (33... Rg8 $142 34. e6 (34. fxe7 Kxg7 35. Rxd5 Rbc8 $18) 34... Rxg7 35. fxg7 f6) 34. fxe7 Kxg7 35. Rxd5 {[%mdl 4096] Endgame KRR-KRR} Rc2+ $2 {[#]} (35... Re8 36. Rd7 Rbc8 37. Rxb7 Rc6) 36. Re2 $1 {[%cal Re2c2]} Rxe2+ 37. Kxe2 {Intending Rd8 and mate. KR-KR} Re8 38. Rd7 b5 (38... b6 $142 39. Kf3 f6 40. exf6+ Kxf6 41. Rd6+ Kxe7 42. Rxg6 Rf8+ 43. Ke3 Rh8 44. Rxb6 (44. Rxg5 Rxh3+ 45. Kd4 Rh2 $14) 44... Rxh3+ 45. Ke4 a5) 39. Kd3 f5 40. exf6+ Kxf6 41. Kd4 Kf7 42. Kd5 a5 43. Ra7 Rc8 (43... b4 $142 44. Kd6 (44. Rxa5 Rxe7 45. Kc4 Re2 $18) 44... Kf6) 44. Rxa5 {White is clearly winning.} Kxe7 45. Rxb5 Rc2 46. a4 {Precision: White = 65%, Black = 32%.} 1-0

[Event "Istanbul Open 2017"]
[Site "Istanbul"]
[Date "2017.09.12"]
[Round "2"]
[White "Markidis, Konstantinos"]
[Black "Yasin, Hur"]
[Result "1-0"]
[WhiteElo "2350"]
[BlackElo "1929"]
[Annotator "TA"]
[PlyCount "79"]
[EventDate "2017.??.??"]
[EventType "swiss"]
[EventCountry "TUR"]
[SourceTitle "playchess.com"]
[Source "ChessBase"]
[SourceQuality "1"]

{[%evp 16,79,11,0,0,5,4,0,66,32,94,42,38,35,45,33,34,34,97,0,61,79,112,82,102,91,162,143,218,210,208,214,234,234,240,237,479,478,470,481,441,458,432,389,870,872,1227,813,1362,1325,29991,2150,1979,1836,1910,810,802,935,925,911,878,844,29970,29970,2740,727]} 1. e4 e6 2. d4 d5 3. e5 c5 4. c3 Nc6 5. Nf3 Bd7 6. Be2 f6 7. O-O Qc7 8. Re1 fxe5 9. dxe5 O-O-O {C02: Französische Verteidigung (Vorstoßvariante)} 10. c4 d4 11. Bd3 g6 $146 ({Lieber} 11... Nh6 $11) ({Vorgänger:} 11... Nh6 12. Na3 a6 13. Nc2 Nf7 14. Bf4 Be7 15. h4 Rdg8 16. Ng5 Nxg5 17. hxg5 Be8 18. Qg4 Qd7 19. a3 Bg6 20. Rad1 Rf8 21. Bc1 a5 22. b3 {½-½ (22) Zhigalko,S (2671)-Alekseev,E (2632) Tallinn 2016}) 12. Bf4 Bg7 ({Besser ist} 12... Be7 $14) 13. Na3 (13. Nbd2 $16) 13... a6 $1 $14 14. Nc2 Nge7 15. h3 Rhf8 16. Bh2 a5 (16... h6 $14) 17. b3 (17. Na3 $16) 17... Bh6 (17... h6 $1 $11) 18. Re4 Rf7 19. a3 Rdf8 20. b4 b6 (20... Bf4 $16 {war angesagt.}) 21. Rb1 $18 Nd8 (21... axb4 $16 22. axb4 Nf5) 22. bxc5 bxc5 23. Rh4 Ng8 24. Nce1 Bc6 25. Be4 Bf4 $2 {[#]} (25... Bxe4 26. Rxe4 Qc6) 26. Rxf4 Rxf4 27. Bxc6 Qxc6 28. Bxf4 Rxf4 29. Qd2 Qe4 $2 (29... Rf7 30. Qxa5 Rb7) 30. Nd3 Rf5 31. Rb5 Ne7 32. Nxc5 Qf4 33. Qb2 (33. Qxa5 $142 Qc1+ 34. Kh2 Qf4+ 35. g3 Qxf3 36. Qa6+ Qb7 37. Rxb7 Rxf2+ 38. Kg1 Rg2+ 39. Kxg2 Nxb7 40. Qxb7+ Kd8 41. Qd7#) 33... Nec6 34. Rb6 {Weiss droht Txc6+! und Matt.} Rf7 {[#]} 35. Nxe6 $1 {[%mdl 512]} Nxe6 36. Rxc6+ Nc7 37. Rb6 Re7 38. c5 {Schwarz muss nun c6 beachten.} Kd7 39. Rd6+ Ke8 40. Qb8+ {Precision: Weiß = 65%, Schwarz = 35%.} 1-0